000
00194 a2200097 4500
001
3670
100
_a
PAK PUB
245
_a
Pakistan basic facts
260
_a
_b
Pak Pub
_c
090
_c
2931
_d
2931
942
_a
NUST-CAE
_c
M
_c
21458
999
_c
238743
_d
238743